| 000 | 00485 a2200157 4500 | ||
|---|---|---|---|
| 999 |
_c2552 _d2552 |
||
| 020 | _a9780855981747 | ||
| 050 | _aHF5439 MIL 1996 | ||
| 100 |
_aMillard, Edward _eauthor |
||
| 245 |
_aExport Marketing for a Small Handicraft Business / _cEdward Millard |
||
| 250 | _aRevisd Edition | ||
| 264 |
_aOxford _bOxfam _c1996 |
||
| 300 |
_a186p. : _bill. |
||
| 500 | _aIncludes index | ||
| 650 |
_aExport marketing. _xHandicraft -- Marketing. |
||
| 942 |
_2lcc _cBK _eRevised Edition _h5439 _iMIL _k1996 |
||